书目信息 |
| 题名: |
选煤厂生产自动化控制与测试技术
|
|
| 作者: | 司亚梅 , 王俊 主编 | |
| 分册: | ||
| 出版信息: | 北京 北京理工大学出版社有限责任公司 2020 |
|
| 页数: | 181页 | |
| 开本: | 24cm | |
| 丛书名: | ||
| 单 册: | ||
| 中图分类: | TD942.82 , TD94 | |
| 科图分类: | ||
| 主题词: | 选煤厂--电气控制--高等职业教育--教材 , 选煤厂--测试技术--高等职业教育--教材 | |
| 电子资源: | ||
| ISBN: | 978-7-5682-9081-4 | |
| 000 | 01147nam0 2200265 450 | |
| 001 | 2346430756 | |
| 005 | 20231130125624.00 | |
| 010 | @a978-7-5682-9081-4@dCNY68.00 | |
| 100 | @a20210617d2020 em y0chiy50 ea | |
| 101 | 0 | @achi |
| 102 | @aCN@b110000 | |
| 105 | @aa z 000yy | |
| 200 | 1 | @a选煤厂生产自动化控制与测试技术@Axuan mei chang sheng chan zi dong hua kong zhi yu ce shi ji shu@f司亚梅, 王俊主编 |
| 210 | @a北京@c北京理工大学出版社有限责任公司@d2020 | |
| 215 | @a181页@c图@d24cm | |
| 300 | @a示范性高等职业院校建设校企合作特色教材 适用于选煤技术专业 | |
| 330 | @a本书介绍了选煤厂生产自动化控制与测试技术的基本知识、选煤厂供电的基本知识、选煤厂常用高低压电气设备、电力拖动的基本知识、选煤生产工艺参数测试技术、计算机在选煤厂控制及管理中的应用、选煤厂生产自动化控制及调控技术等内容,并结合高职高专选煤技术专业人才培养目标设置了一定数量的实训项目。 | |
| 606 | 0 | @a选煤厂@x电气控制@x高等职业教育@j教材 |
| 606 | 0 | @a选煤厂@x测试技术@x高等职业教育@j教材 |
| 690 | @aTD942.82@v5 | |
| 690 | @aTD94@v4 | |
| 701 | 0 | @a司亚梅@Asi ya mei@4主编 |
| 701 | 0 | @a王俊@Awang jun@4主编 |
| 801 | 0 | @aCN@b91MARC@c20210808 |
| 905 | @aBZT@dTD94@e3 | |
| 选煤厂生产自动化控制与测试技术/司亚梅, 王俊主编.-北京:北京理工大学出版社有限责任公司,2020 |
| 181页:图;24cm |
| 示范性高等职业院校建设校企合作特色教材 适用于选煤技术专业 |
| ISBN 978-7-5682-9081-4:CNY68.00 |
| 本书介绍了选煤厂生产自动化控制与测试技术的基本知识、选煤厂供电的基本知识、选煤厂常用高低压电气设备、电力拖动的基本知识、选煤生产工艺参数测试技术、计算机在选煤厂控制及管理中的应用、选煤厂生产自动化控制及调控技术等内容,并结合高职高专选煤技术专业人才培养目标设置了一定数量的实训项目。 |
| ● |
| 相关链接 |
|
|
|
正题名:选煤厂生产自动化控制与测试技术
索取号:TD94/3
 
预约/预借
| 序号 | 登录号 | 条形码 | 馆藏地/架位号 | 状态 | 备注 |
| 1 | 2001235549 | 2001235549 | 中教(第二批第二书库)/山东中教(第二批)/1436/ [索取号:TD94/3] | 在馆 | |
| 2 | 2001235550 | 2001235550 | 中教(第二批第二书库)/山东中教(第二批)/1436/ [索取号:TD94/3] | 在馆 | |
| 3 | 2001235551 | 2001235551 | 中教(第二批第二书库)/山东中教(第二批)/1436/ [索取号:TD94/3] | 在馆 | |
| 4 | 2001235552 | 2001235552 | 中教(第二批第二书库)/山东中教(第二批)/1436/ [索取号:TD94/3] | 在馆 | |
| 5 | 2001235553 | 2001235553 | 中教(第二批第二书库)/山东中教(第二批)/1436/ [索取号:TD94/3] | 在馆 | |
| 6 | 2001235554 | 2001235554 | 中教(第二批第二书库)/山东中教(第二批)/1436/ [索取号:TD94/3] | 在馆 | |
| 7 | 2001235555 | 2001235555 | 中教(第二批第二书库)/山东中教(第二批)/1436/ [索取号:TD94/3] | 在馆 | |
| 8 | 2001235556 | 2001235556 | 中教(第二批第二书库)/山东中教(第二批)/1436/ [索取号:TD94/3] | 在馆 | |
| 9 | 2001235557 | 2001235557 | 中教(第二批第二书库)/山东中教(第二批)/1436/ [索取号:TD94/3] | 在馆 | |
| 10 | 2001235558 | 2001235558 | 中教(第二批第二书库)/山东中教(第二批)/1436/ [索取号:TD94/3] | 在馆 | |
| 11 | 2001235559 | 2001235559 | 中教(第二批第二书库)/山东中教(第二批)/1436/ [索取号:TD94/3] | 在馆 | |
| 12 | 2001235560 | 2001235560 | 中教(第二批第二书库)/山东中教(第二批)/1436/ [索取号:TD94/3] | 在馆 | |
| 13 | 2001235561 | 2001235561 | 中教(第二批第二书库)/山东中教(第二批)/1436/ [索取号:TD94/3] | 在馆 | |
| 14 | 2001235562 | 2001235562 | 中教(第二批第二书库)/山东中教(第二批)/1436/ [索取号:TD94/3] | 在馆 | |
| 15 | 2001235563 | 2001235563 | 中教(第二批第二书库)/山东中教(第二批)/1436/ [索取号:TD94/3] | 在馆 | |
| 16 | 2001235564 | 2001235564 | 中教(第二批第二书库)/山东中教(第二批)/1436/ [索取号:TD94/3] | 在馆 | |
| 17 | 2001235565 | 2001235565 | 中教(第二批第二书库)/山东中教(第二批)/1436/ [索取号:TD94/3] | 在馆 | |
| 18 | 2001235566 | 2001235566 | 中教(第二批第二书库)/山东中教(第二批)/1436/ [索取号:TD94/3] | 在馆 | |
| 19 | 2001235567 | 2001235567 | 中教(第二批第二书库)/山东中教(第二批)/1436/ [索取号:TD94/3] | 在馆 | |
| 20 | 2001235568 | 2001235568 | 中教(第二批第二书库)/山东中教(第二批)/1436/ [索取号:TD94/3] | 在馆 | |
| 21 | 2001235569 | 2001235569 | 中教(第二批第二书库)/山东中教(第二批)/1436/ [索取号:TD94/3] | 在馆 | |
| 22 | 2001235570 | 2001235570 | 中教(第二批第二书库)/山东中教(第二批)/1436/ [索取号:TD94/3] | 在馆 | |
| 23 | 2001235571 | 2001235571 | 中教(第二批第二书库)/山东中教(第二批)/1436/ [索取号:TD94/3] | 在馆 | |
| 24 | 2001235572 | 2001235572 | 中教(第二批第二书库)/山东中教(第二批)/1436/ [索取号:TD94/3] | 在馆 | |
| 25 | 2001235573 | 2001235573 | 中教(第二批第二书库)/山东中教(第二批)/1436/ [索取号:TD94/3] | 在馆 | |
| 26 | 2001235574 | 2001235574 | 中教(第二批第二书库)/山东中教(第二批)/1436/ [索取号:TD94/3] | 在馆 | |
| 27 | 2001235575 | 2001235575 | 中教(第二批第二书库)/山东中教(第二批)/1436/ [索取号:TD94/3] | 在馆 | |
| 28 | 2001235576 | 2001235576 | 中教(第二批第二书库)/山东中教(第二批)/1436/ [索取号:TD94/3] | 在馆 | |
| 29 | 2001235577 | 2001235577 | 中教(第二批第二书库)/山东中教(第二批)/1436/ [索取号:TD94/3] | 在馆 | |
| 30 | 2001235578 | 2001235578 | 中教(第二批第二书库)/山东中教(第二批)/1436/ [索取号:TD94/3] | 在馆 |